Penguin dictionary of curious and interesting numbers (Record no. 691244)

MARC details
000 -LEADER
fixed length control field 00934nam a2200229Ia 4500
003 - CONTROL NUMBER IDENTIFIER
control field OSt
005 - DATE AND TIME OF LATEST TRANSACTION
control field 20250623100331.0
008 - FIXED-LENGTH DATA ELEMENTS--GENERAL INFORMATION
fixed length control field 220926b |||||||| |||| 00| 0 eng d
037 ## - SOURCE OF ACQUISITION
Terms of availability Reference Collections
040 ## - CATALOGING SOURCE
Original cataloging agency RTL
Transcribing agency RTL
Language of cataloging eng
041 ## - LANGUAGE CODE
Source of code eng
Language code of text/sound track or separate title eng
084 ## - COLON CLASSIFICATION NUMBER
Classification number B13 M6/SC/RR
Assigning agency RTL
100 ## - MAIN ENTRY--PERSONAL NAME
Personal name Wells, David
9 (RLIN) 370995
245 #0 - TITLE STATEMENT
Title Penguin dictionary of curious and interesting numbers
260 ## - PUBLICATION, DISTRIBUTION, ETC.
Place of publication, distribution, etc. Harmondsworth
Name of publisher, distributor, etc. Penguin Books
Date of publication, distribution, etc. 1986
300 ## - PHYSICAL DESCRIPTION
Extent 228 p.
Dimensions cm.
Other physical details Includes index
520 ## - SUMMARY, ETC.
Summary, etc. This dictionary of numbers, arranged in order of magnitude, exposes the fascinating facts about certain numbers and number sequences. The aim of the book is to entertain and enthral the reader, which it certainly does.<br/>
650 ## - SUBJECT ADDED ENTRY--TOPICAL TERM
Topical term or geographic name entry element Dictionary- Mathematics
9 (RLIN) 813602
650 ## - SUBJECT ADDED ENTRY--TOPICAL TERM
Topical term or geographic name entry element Dictionary- Mathematics- Numbers
9 (RLIN) 813603
942 ## - ADDED ENTRY ELEMENTS (KOHA)
Classification part B13 M6/SC/RR
Koha item type Reference
Source of classification or shelving scheme Colon Classification (CC)
Suppress in OPAC No
Holdings
Withdrawn status Lost status Source of classification or shelving scheme Damaged status Not for loan Home library Current library Date acquired Total Checkouts Full call number Barcode Date last seen Price effective from Koha item type
    Colon Classification (CC)     Ratan Tata Library Ratan Tata Library 2022-09-27   B13 M6/SC/RR RT1148219 2022-09-27 2022-09-27 Reference
Copyright @ Delhi University Library System